000
00223nam a2200097Ia 4500
008
240331s9999 xx 000 0 und d
082
_a
301.42
_b
SAF
100
_a
Saffioti, H.I.B
245
0
_a
Women in class society
942
_c
L
999
_c
1061
_d
1061